000 00873nam a2200289Ia 4500
003 OSt
005 20221007123523.0
006 a|||||r|||| 00| 0
007 ta
008 221006b |||||||| |||| 00| 0 eng d
020 _a9812562001 (pbk)
_c1936.88
024 _a13838
037 _b907, 28/03/2005, Unilib Book Distributors
_cTextual
040 _aPAPL
_cPAPL
_beng
041 _2eng
_aeng
082 _aC, P4 Carpa
100 _aLee S Y
245 0 _aAccelerator physics
250 _a2
260 _aNew
_bJersey World Scientific
_c2004
300 _axviii, 575p.
_ccm.
500 _aAppendix A-B, 533-560p.; Bibliography 561-562p.; Index 563-570p.
650 _a Accelerator
_9716391
650 _aPhysics
942 _hC, P4 Carpa
_cTEXL
_2CC
999 _c1212044
_d1212044